000 00346nam a22001457a 4500
008 210312b ||||| |||| 00| 0 eng d
020 _a9780078035135
041 _aeng
080 _26th
_a316
082 _26th
_a316
100 _a50
101 _aSOC
245 _aA Totpical Approach to Life-Span Development
_cSantrock,W.J
942 _2udc
_cBK
999 _c56469
_d56469